Responses for Show #8889 - Thursday, June 8, 2023

Suresh Krishnan game 3.

Contestants

[<< previous game]

Allison Strekal, a nonprofit development director from Missoula, Montana

David Ford, a sales manager from Pasadena, Maryland

Suresh Krishnan, a networking engineer from Suwanee, Georgia (whose 2-day cash winnings total $21,099)

[next game >>]

Jeopardy! Round responses

HISTORY HYSTERIA
2 PARTS MAKE A WHOLE
CATCH OF THE DAY
SILENT LETTER WORDS
LATE NIGHT TALKING
HAIRY STYLES
    $200 1
(David: What is Boston?)

Salem

DavidAllison
    $200 21
the Home Depot

Triple Stumper
    $200 14
a marlin

David
    $200 16
pterodactyl

Allison
    $200 8
Carpool Karaoke

Allison
    $200 6
the '90s

Allison
    $400 2
France

Suresh
    $400 22
a Flash mob

Allison
    $400 15
(David: What is an eel?)

a bass

David
Triple Stumper
    $400 17
a borough

David
    $400 9
(Suresh: Who's Will Ferrell?)

(David) Letterman

SureshAllison
    $400 7
a mop top

Triple Stumper
    $1,000 3
Orson Welles

Suresh
    $600 23
a Rickroll

David
    $600 26
(Allison: What is a salmon?)

a carp (koi)

Allison
Triple Stumper
    $600 18
Psalm

Allison
    $600 10
Johnny Carson

David
    $600 13
rolls

Suresh
    $800 4
McCarthy

Suresh
    $800 24
Saint Paul

Allison
    $800 27
cod

Triple Stumper
    $800 19
gnarly

Triple Stumper
    $800 11
"Celebrities Read Mean Tweets"

Allison
    $800 28
a crew cut

Allison
    $1000 5
Torquemada

Allison
    $1000 25
the Donner Party

Allison
    $1000 30
a permit

Triple Stumper
    $1000 20
lacquer

Triple Stumper
    $1000 12
2000

Allison
    $1000 29
loaf

Triple Stumper

Scores at the first commercial break (after clue 15):

Suresh David Allison
$2,400 $200 $3,800

Scores at the end of the Jeopardy! Round:

Suresh David Allison
$2,400 $1,200 $7,000

Double Jeopardy! Round responses

YES, YOU CANAL
LITERATURE
A "MID" CATEGORY
ROMANCING THE STONES
IMPOSTORS
BIG & LIL POP CULTURE
    $400 26
Belgium

Suresh
    $400 20
Robinson Crusoe

Allison
    $400 1
humid

David
    $400 15
Napoleon

David
    $400 10
the Super Bowl

David
    $400 5
The Big Short

Suresh
    $800 27
(Mayim: Less than a minute.)

Greece

Suresh
    $800 21
Asimov

Suresh
    $800 2
(Allison: What is midge?)

a smidgen

Allison
Triple Stumper
    $800 16
Grace Kelly

David
    $800 11
Andrew Carnegie

David
    $800 6
Get Out

Suresh
    $5,600 28
the Panama Canal

Suresh
    $1200 22
Huxley

Triple Stumper
    $1200 3
intimidation

Triple Stumper
    $1200 17
Penelope

Allison
    $1200 12
Catch Me If You Can

Allison
    $1200 7
Li'l Sebastian

Allison
    $1600 29
the Volga

Suresh
    $1600 23
White Teeth

Allison
    $1,600 4
(David: What is I wish I didn't bet all my money? I have no idea.)

midwife

David
    $1600 18
Ceylon

Suresh
    $1600 13
(Suresh: What is the heir, of, uh, the French throne?)

the (Lost) Dauphin

SureshAllison
    $1600 8
Lil Jon

Allison
    $2000 30
the St. Lawrence Seaway

David
    $2000 24
Richard Powers

Triple Stumper
    $2000 25
(Allison: What is midship?)

amidships

Allison
Triple Stumper
    $2000 19
Maximilian

Allison
    $2000 14
Formosa

Suresh
    $2000 9
(Suresh: What is Pogo?)

Li'l Abner

SureshAllison

Scores at the end of the Double Jeopardy! Round:

Suresh David Allison
$12,800 $4,400 $17,000

[wagering suggestions for these scores]

Final Jeopardy! Round responses

BUSINESS HISTORY
(Mayim: [To Suresh] That would be the Dutch East India Company's initial public offering of stock.)
DavidWhat is London? (Hi Charlotte & Declan!)
$4,200
SureshWhat is Amsterdam?
$4,300
AllisonWhat Berlin?
$8,601
Amsterdam

Final scores:

Suresh David Allison
$17,100 $200 $8,399
3-day champion: $38,199 3rd place: $1,000 2nd place: $2,000

Game dynamics:

Coryat scores:

Suresh David Allison
$8,000 $6,000 $17,000
13 R
(including 2 DDs),
3 W
10 R,
3 W
(including 1 DD)
22 R,
3 W

Combined Coryat: $31,000

[game clues] [game scores] [suggest correction]

Game tape date: 2023-04-03
The J! Archive is created by fans, for fans. Scraping, republication, monetization, and malicious use prohibited; this site may use cookies and collect identifying information. See terms. The Jeopardy! game show and all elements thereof, including but not limited to copyright and trademark thereto, are the property of Jeopardy Productions, Inc. and are protected under law. This website is not affiliated with, sponsored by, or operated by Jeopardy Productions, Inc. Join the discussion at JBoard.tv.